Current Hungarian Members of Parliament - Statistics

General Stats
  • This quiz has been taken 164 times
    2 since last reset
  • The average score is 63 of 199
Answer Stats
Mandate source Member of Parliament % Correct
Sárvár Ágh Péter
100%
Mi Hazánk #3 Apáti István
100%
Nyírbátor Barna-Szabó Tímea
100%
Pilisvörösvár Bujdosó Andrea Anna
100%
Mi Hazánk #2 Dúró Dóra
100%
Balatonfüred Forsthoffer Ágnes
100%
Fidesz-KDNP #24 Gulyás Gergely
100%
Sopron Hallerné Nagy Anikó
100%
Fidesz-KDNP #152 Hegedűs Barbara
100%
Tisza #11 Hegedűs Zsolt
100%
Tisza #5 Kapitány István
100%
Tisza #21 Kármán András
100%
Budapest XXI. kerület Kátai-Németh Vilmos
100%
Fidesz-KDNP #20 Lázár János
100%
Budapest XII. kerület Magyar Péter
100%
Tisza #23 Melléthei-Barna Márton
100%
Fidesz-KDNP #96 Nagy Bálint
100%
Dunaújváros Nagy Ervin
100%
Zalaegerszeg Nagy Márta
100%
Fidesz-KDNP #47 Németh Balázs
100%
Tisza #106 Németh Csilla
100%
Fidesz-KDNP #17 Németh Zsolt
100%
Mi Hazánk #4 Novák Előd
100%
Tisza #6 Orbán Anita
100%
Fidesz-KDNP #21 Orbán Balázs
100%
Fidesz-KDNP #122 Pócs János
100%
Budaörs Pósfai Gábor
100%
Fidesz-KDNP #158 Radics Béla
100%
Esztergom Radnai Márk
100%
Fidesz-KDNP #29 Rétvári Bence
100%
Szolnok Rost Andrea
100%
Hajdúszoboszló Ruszin-Szendi Romulusz
100%
Tisza #40 Sasi-Nagy Edit
100%
Fidesz-KDNP #5 Szentkirályi Alexandra
100%
Fidesz-KDNP #83 Takács Árpád
100%
Fidesz-KDNP #123 Takács Péter
100%
Budapest XXIII. kerület Tarr Zoltán
100%
Mi Hazánk #1 Toroczkai László
100%
Budapest XIV. kerület Velkey György László
100%
Fidesz-KDNP #48 Vitályos Eszter
100%
Körmend V. Németh Zsolt
100%
Budapest VIII. kerület Bódis Kriszta
50%
Eger Bódis Péter
50%
Fidesz-KDNP #40 Budai Gyula
50%
Kecskemét 1. Csőszi Attila
50%
Miskolc 2. Czipa András
50%
Karcag F. Kovács Sándor
50%
Szeged 2. Gajda Attila
50%
Nyíregyháza 1. Gajdos László
50%
Csorna Gyopáros Alpár
50%
Tisza #113 Havasi Balázs
50%
Hatvan Juhász Áron
50%
Fidesz-KDNP #28 Juhász Hajnalka
50%
Miskolc 1. Juhász Roland
50%
Kiskunhalas Karsai-Juhász Katalin
50%
Tisza #27 Kincse Csongor
50%
Gyöngyös Kiss János
50%
Tisza #47 Kiss Máté
50%
Fidesz-KDNP #9 Kocsis Máté
50%
Tisza #46 Kőszegi Krisztián
50%
Pécs 2. Kovács Áron
50%
Kiskunfélegyháza Kovács Gyula
50%
Tisza #96 Kovács Petra Judit
50%
Mátészalka Kovács Sándor
50%
Fidesz-KDNP #38 Latorcai Csaba
50%
Kaposvár Lőrincz Viktória
50%
Kecskemét 2. Molnár János
50%
Fidesz-KDNP #46 Molnárné Lezsák Anna
50%
Tisza #26 Molnár Zoltán
50%
Budapest XV. kerület Müller Anna
50%
Pécs 1. Ruzsa Diána
50%
Fidesz-KDNP #22 Simicskó István
50%
Tisza #75 Strompová Viktória
50%
Szeged 1. Stumpf Péter
50%
Budapest XVI. kerület Szabó Alexandra
50%
Tisza #79 Szabó Tibor
50%
Fidesz-KDNP #237 Szalai Piroska
50%
Dombóvár Szijjártó Gábor
50%
Fidesz-KDNP #19 Szijjártó Péter
50%
Tisza #19 Szűcs Dóra
50%
Fidesz-KDNP #218 Szűcs Gábor
50%
Budapest V. kerület Tanács Zoltán
50%
Debrecen 2. Tompa Enikő
50%
Fidesz-KDNP #49 Tuzson Bence
50%
Berettyóújfalu Vitányi István
50%
Komárom Árvay Nikolett
0%
Marcali Bakos Csaba Attila
0%
Vecsés Balajti István
0%
Tapolca Balatincz Péter
0%
Fidesz-KDNP #35 Balla György
0%
Balassagyarmat Balla Mihály
0%
Tisza #41 Balogh Mihály
0%
Szentes Bárkányi Bence
0%
Fidesz-KDNP #131 Bencsik János
0%
Barcs Benke József
0%
Tisza #43 Berki Ákos
0%
Tisza #89 Bicskei László
0%
Tiszaújváros Bihari Zoltán
0%
Ráckeve Bilisics Zita
0%
Budapest III. kerület Boda Nikoletta
0%
Békéscsaba Bodóczi István
0%
Bicske Bögi Viktória
0%
Fidesz-KDNP #25 Bóka János
0%
Tisza #95 Bóka Zsolt
0%
Székesfehérvár 2. Borics Mihály
0%
Tisza #28 Borsós Gabriella
0%
Tisza #97 Bugya László
0%
Debrecen 3. Csák László
0%
Tisza #42 Császár Martin
0%
Siófok Csatári Ernő
0%
Paks Cseh Tamás
0%
Mezőkövesd Csézi Erzsébet
0%
Fidesz-KDNP #130 Csibi Krisztina
0%
Székesfehérvár 1. Csiszár Béla
0%
Baja Csontos Bence
0%
Ózd Csuzda Gábor
0%
Tisza #105 Czakó-Czirbus Pál
0%
Fidesz-KDNP #85 Czirbus Gábor
0%
Kisvárda Dicső Viktória
0%
Győr 1. Diószegi Judit
0%
Mi Hazánk #6 Dócs Dávid
0%
Törökszentmiklós Farkas Csongor
0%
Hódmezővásárhely Ferenczi Gábor
0%
Veszprém Gáspár Levente
0%
Békés Gombár Dávid
0%
Hajdúböszörmény Göröghné Bocskai Éva
0%
Orosháza Gurzó Mária
0%
Tisza #112 Gyömbér Dávid
0%
Tisza #39 Gyöngyösi István
0%
Tisza #31 Gyuk Zsolt
0%
Tisza #36 Hajdu Márton
0%
Jászberény Halmai Ferenc
0%
Fidesz-KDNP #51 Hankó Balázs
0%
Tisza #38 Hantosi István
0%
Fidesz-KDNP #118 Hargitai János
0%
Kazincbarcika Hatala-Orosz Csaba
0%
Fidesz-KDNP #37 Héjj Dávid
0%
Dabas Hende Máté
0%
Fidesz-KDNP #26 Hidvéghi Balázs
0%
Fidesz-KDNP #100 Horváth László
0%
Tisza #108 Horváth Nándor Zsolt
0%
Budapest XIII. kerület Jakab Zsuzsanna
0%
Tisza #101 Járosi Péter
0%
Érd Jelencsik József
0%
Tisza #24 Jójárt Erika
0%
Kalocsa Judák Zsolt
0%
Tisza #30 Kalázdi-Kerekes Kinga
0%
Tisza #49 Kaprinyák Tibor
0%
Szigetvár Kapronczai Balázs
0%
Budapest II. kerület Koncz Áron
0%
Fidesz-KDNP #88 Koncz Zsófia
0%
Budapest XXII. kerület Kulcsár Krisztián
0%
Gödöllő László Endre Márton
0%
Sátoraljaújhely Lontay László
0%
Nagykanizsa Lovkó Csaba
0%
Tisza #48 Lukács Gábor
0%
Fidesz-KDNP #84 Máthé Zsuzsa
0%
Dunakeszi Miskolczi Orsolya
0%
Cegléd Muhari Gergely
0%
Fidesz-KDNP #32 Nacsa Lőrinc
0%
Győr 2. Néher András
0%
Fidesz-KDNP #170 Panyi Miklós
0%
Fidesz-KDNP #13 Papp Zsolt
0%
Tisza #37 Pásztor Anett
0%
Szigetszentmiklós Perticsné Kácsor Andrea
0%
Monor Polgár György
0%
Budapest XVII. kerület Porcher Áron
0%
Mosonmagyaróvár Porpáczy Krisztina
0%
Gyula Ráki Zsolt
0%
Tisza #35 Rák Richárd
0%
Szombathely Rápli Róbert
0%
Mohács Rózsahegyi Áron
0%
Szekszárd Sárosi József
0%
Tisza #32 Schummer Orsolya
0%
Fidesz-KDNP #78 Seszták Miklós
0%
Tisza #44 Simon Krisztián Márk
0%
Tisza #93 Simon Zsuzsánna
0%
Tatabánya Sopov Ildikó Éva
0%
Tisza #34 Sóti Anikó Zsuzsanna
0%
Mi Hazánk #7 Szabadi István
0%
Salgótarján Szafkó Zoltán Péter
0%
Nyíregyháza 2. Szakács Péter Lajos
0%
Vác Szimon Renáta
0%
Debrecen 1. Tárkányi Zsolt
0%
Vásárosnamény Tilki Attila
0%
Szentendre Tóthmajor Balázs
0%
Tisza #99 Tóth Norbert
0%
Tisza #45 Tóth Tamás
0%
Budapest X. kerület Trentin Balázs
0%
Pécel Trompler Ildikó
0%
Pápa Ujvári Szilvia
0%
Keszthely Varga Balázs
0%
Sárbogárd Varga Gábor
0%
Tisza #33 Varga Lőrinc Mihály
0%
Tisza #78 Veres Ádám
0%
Budapest XIX. kerület Virágh Gabriella
0%
Budapest VI. kerület Weigand István
0%
Fidesz-KDNP #103 Witzmann Mihály
0%
Fidesz-KDNP #121 Zsigó Róbert
0%
No matching quizzes found
Score Distribution
Percent of People with Each Score
Percentile by Number Answered
Your Score History
You have not taken this quiz since the last reset